000 01133nam a2200337Ia 4500
001 dia_1346
003 CHAP
005 20251023153849.0
008 220117s1976 xx 000 0 und d
010 _a171894
020 _a968-25-0270-5
040 _cCHAP
082 _a616.01 F76 1976
100 _aFrobisher, Martin
_943507
245 _aMicrobiología /
_c Martin Frobisher y Robert Fuerst ; traducción Roberto Espinosa Zarza y Jorge O. Ramírez H.
250 _a13a ed.
260 _aMéxico :
_b Interamericana,
_c1976
300 _aviii, 554 p.
500 _aEl ejemplar 2 es material fotocopiado \ Título original: Microbiology in health and disease
504 _aIncluye bibliografías
590 _aQR46 F76 1976
650 _aMedical microbiology
_9150574
650 _aMicrobiología medica
_9150575
700 _aEspinosa Zarza, Roberto, tr.
_9150576
700 _aFuerst, Robert, coaut.
_9150577
700 _aRamírez H., Jorge O., tr.
_9150578
901 _a616.01 F76 1976
902 _aM
905 _a5232271976 mx admn8222223322spa16
942 _cLIBRO
_2ddc
999 _c171894
_d171894